000 01012nam a2200205Ia 4500
003 Ost
005 20260507075012.0
008 260507s9999||||xx |||||||||||||| ||und||
040 _cfsecg
041 _aara
082 _a336.014
100 _aعبد العزيز، سمير محمد
_eمؤلف
245 0 _aالتأجير التمويلي :
_bومداخله المالية.المحاسبية .الإقتصادية.التشريعية.التطبيقية /
_c سمير محمد عبد العزيز
260 _aالقاهرة:
_bمكتبة ومطبعة الإشعاع الفنية,
_c2000
300 _a312 صفحة؛
_c24 سم
520 _aالتمويل المباشر-التمويل بالإستئجار-التأجير التمويلي في الفكر المحاسبي-الجدوى الإقتصادية للتأجير التمويلي-التأجير التمويل بين التشريع والتطبيق العمل
653 _aالتمويل
653 _aدراسة الجدوى
942 _cكتاب
999 _c42172
_d42172